header

What was D-Day? (Record no. 263775)

MARC details
000 -LEADER
fixed length control field 00269nam a22000977a 4500
020 ## - INTERNATIONAL STANDARD BOOK NUMBER
ISBN 9781338238525
100 ## - MAIN ENTRY--AUTHOR NAME
Personal name Patricia Brennan Demuth
245 ## - TITLE STATEMENT
Title What was D-Day?
260 ## - PUBLICATION, DISTRIBUTION, ETC. (IMPRINT)
Place of publication New York
Name of publisher Grosset & Dunlap, an imprint of Penguin Group (USA) LLC
Year of publication 2015
942 ## - ADDED ENTRY ELEMENTS (KOHA)
Koha item type Long Loan Books
Holdings
Withdrawn status Lost status Collection code Home library Current library Shelving location Date acquired Accession Number Koha item type
    Fiction Rongo University Library Rongo University Library Children's Area 10/06/2024 CL20243382 Long Loan Books

© 2026 Rongo University
Contact us: librarian | system librarian | Rongo university